000 00892nam a22002297a 4500
008 150721b xxu||||| |||| 00| 0 eng d
020 _a9951889602
041 0 _aeng
041 0 _aalb
041 0 _asrb
080 _a355.01
_x(469.51)
_x(092)
100 _aShala, Fatmire ; Todorovic, Mileva ; Suka, Kujtesa ;
245 _aDëgjoni çfarë themi ne : Hear what we are saying : Slusajte sta cemo vam reci :
_cIntervista të drejtuara nga Fatmire Shala, Milena Todorovic ; Përkthyes kryesor Kujtesa Suka.
250 _aVëllimi 2
260 _aPrishtinë :
_bOMPF ;
_c2006.
300 _a161 f.:
_bme il.;
_c23 cm.
500 _aParathënie = Preface = Predgovor : f. 6-7
500 _aParathënie e librit = Foreword = Predgovor knjige /
500 _aJames Nicholls : f. 8-11
650 0 _aHistoria
942 _2udc
_cBK
999 _c1130
_d1130